000 00644nam 22001933 4500
001 201894
090 _a201894
100 _a20260422d u||y0pory50 ba
200 _aO balão aos habitantes da lua
_fJosé Daniel Rodrigues da Costa
210 _aLisboa
_cEdições 70
_dimp.1978
215 _a91, [4] p.
_cil. ; brochado
_d20 cm
225 _aTextos breves
_v4
300 _aContém dedicatória na folha de guarda
606 _923
_aLiteratura Portuguesa
_xPoesia
675 _a821.134.3-1"17/18"
_vPT
_zpor
700 _917168
_aCosta
_bJosé Daniel Rodrigues da
_f1757-1832
801 _aPT
_bBMMN
_gRPC
830 _cAna Falardo
_fAna Falardo
990 _cLIVROS